Eastern Utah Libraries Catalog: Duchesne, Heber, Roosevelt, & Vernal

Sower/ Le semeur / (Record no. 319359)

MARC details
000 -LEADER
fixed length control field 04378cgm a2200889Ii 4500
001 - CONTROL NUMBER
control field on1100234990
003 - CONTROL NUMBER IDENTIFIER
control field OCoLC
005 - DATE AND TIME OF LATEST TRANSACTION
control field 20211116131139.0
007 - PHYSICAL DESCRIPTION FIXED FIELD--GENERAL INFORMATION
fixed length control field vd cvaizu
008 - FIXED-LENGTH DATA ELEMENTS--GENERAL INFORMATION
fixed length control field 121004s2019 nyu098 vlfre d
020 ## - INTERNATIONAL STANDARD BOOK NUMBER
International Standard Book Number 9781980039723
020 ## - INTERNATIONAL STANDARD BOOK NUMBER
International Standard Book Number 1980039720
028 02 - PUBLISHER NUMBER
Publisher number DV0537
Source Film Movement
035 ## - SYSTEM CONTROL NUMBER
System control number (OCoLC)1100234990
040 ## - CATALOGING SOURCE
Original cataloging agency RECBC
Language of cataloging eng
Description conventions rda
Transcribing agency RECBC
Modifying agency OCLCO
-- FM0
-- OCLCO
-- KSU
-- WACOL
041 ## - LANGUAGE CODE
Language code of text/sound track or separate title fre
Language code of original and/or intermediate translations of text fre
046 ## - SPECIAL CODED DATES
Beginning or single date created 2017
049 ## - LOCAL HOLDINGS (OCLC)
Holding library WACL
050 #4 - LIBRARY OF CONGRESS CALL NUMBER
Classification number PN1997.2
Item number .T44 2019
082 04 - DEWEY DECIMAL CLASSIFICATION NUMBER
Classification number 791.4372
Edition number 23
092 ## - LOCALLY ASSIGNED DEWEY CALL NUMBER (OCLC)
Classification number DVD
Item number Sow
130 0# - MAIN ENTRY--UNIFORM TITLE
Uniform title Semeur (Motion picture : 2017)
9 (RLIN) 6002899
245 13 - TITLE STATEMENT
Title Sower/ Le semeur /
Statement of responsibility, etc Film Movement ; Les films du Worso présente ; un film de Marine Francen ; scénario, Marine Francen, Jacqueline Surchat et Jacques Fieschi ; produit par Sylvie Pialat, Benoît Quainon.
246 1# - VARYING FORM OF TITLE
Display text Parallel title in English on disc label:
Title proper/short title Sower
257 ## - COUNTRY OF PRODUCING ENTITY FOR ARCHIVAL FILMS
Country of producing entity France
-- Belgium
264 #1 - Production, Publication, Distribution, Manufacture, and Copyright Notice.
Place of production, publication, distribution, manufacture [New York, NY] :
Name of producer, publisher, distributor, manufacturer Film Movement,
Date of production, publication, distribution, manufacture, or copyr [2019]
264 #4 - Production, Publication, Distribution, Manufacture, and Copyright Notice.
Date of production, publication, distribution, manufacture, or copyr ℗2019
300 ## - PHYSICAL DESCRIPTION
Extent 1 videodisc (1 hr., 38 min.) :
Other physical details sound, color,
Dimensions 4 3/4 in.
336 ## - Content Type
Content type term two-dimensional moving image
337 ## - Media type
Media type term video
338 ## - Carrier type
Carrier type term videodisc
340 ## - PHYSICAL MEDIUM
Dimensions 4 3/4 in.
340 ## - PHYSICAL MEDIUM
Information recording technique stamping
490 1# - SERIES STATEMENT
Series statement Film Movement series
500 ## - GENERAL NOTE
General note 1:33:1 fullscreen.
500 ## - GENERAL NOTE
General note 5.1 surround sound or 2.0 stereo.
500 ## - GENERAL NOTE
General note Based on L'homme semence by Violette Ailhaud.
500 ## - GENERAL NOTE
General note Originally released as a motion picture in 2017.
500 ## - GENERAL NOTE
General note Bonus short film: Les voisins (20 min.) / directed by Marine Francen.
508 ## - CREATION/PRODUCTION CREDITS NOTE
Creation/production credits note Cinematographer, Alain Duplantier ; edited by Minori Akimoto ; music by Frédéric Vercheval.
511 1# - PARTICIPANT OR PERFORMER NOTE
Participant or performer note Pauline Burlet, Geraldine Pailhas, Alban Lenoir, Iliana Zabeth, Françoise Lebrun.
520 ## - SUMMARY, ETC.
Summary, etc In 1851, France's autocratic President Louis-Napoleon Bonaparte has ordered the arrest of all the men of a remote mountain farming village following a Republican uprising. The women spend years in total isolation, forced to tend the crops themselves. Some women have lost their husbands; others, like the shy but inwardly strong Violette, suddenly have no chance of experiencing physical love or motherhood. The women take an oath: if a man comes, they will share him as a lover. When a mysterious and handsome stranger arrives, he ignites passions and jealousies that threaten to destroy the tight-knit community.
521 8# - TARGET AUDIENCE NOTE
Target audience note Not rated by the MPAA.
521 ## - TARGET AUDIENCE NOTE
Target audience note DVD
Source Recorded Books
538 ## - SYSTEM DETAILS NOTE
System details note DVD; Dolby surround; all regions.
546 ## - LANGUAGE NOTE
Language note In French with optional English subtitles.
546 ## - LANGUAGE NOTE
Language note Closed-captioned.
650 #0 - SUBJECT ADDED ENTRY--TOPICAL TERM
Topical term or geographic name as entry element Man-woman relationships
Geographic subdivision France
Form subdivision Drama.
9 (RLIN) 6419839
650 #0 - SUBJECT ADDED ENTRY--TOPICAL TERM
Topical term or geographic name as entry element Villages
Geographic subdivision France
Form subdivision Drama.
9 (RLIN) 6433894
650 #0 - SUBJECT ADDED ENTRY--TOPICAL TERM
Topical term or geographic name as entry element Women farmers
Geographic subdivision France
Form subdivision Drama.
9 (RLIN) 6433895
655 #7 - INDEX TERM--GENRE/FORM
Genre/form data or focus term Feature films.
Source of term lcgft
9 (RLIN) 6002905
655 #7 - INDEX TERM--GENRE/FORM
Genre/form data or focus term Romance films.
Source of term lcgft
9 (RLIN) 5675183
655 #7 - INDEX TERM--GENRE/FORM
Genre/form data or focus term Fiction films.
Source of term lcgft
9 (RLIN) 5674705
655 #7 - INDEX TERM--GENRE/FORM
Genre/form data or focus term Film adaptations.
Source of term lcgft
9 (RLIN) 6002907
655 #7 - INDEX TERM--GENRE/FORM
Genre/form data or focus term Video recordings for the hearing impaired.
Source of term lcgft
9 (RLIN) 6002908
700 1# - ADDED ENTRY--PERSONAL NAME
Personal name Francen, Marine,
Relator term film director,
-- screenwriter.
9 (RLIN) 6002910
700 1# - ADDED ENTRY--PERSONAL NAME
Personal name Surchat, Jacqueline
Titles and other words associated with a name (Screenwriter),
Relator term screenwriter.
9 (RLIN) 6002911
700 1# - ADDED ENTRY--PERSONAL NAME
Personal name Fieschi, Jacques,
Dates associated with a name 1948-
Relator term screenwriter.
9 (RLIN) 6002913
700 1# - ADDED ENTRY--PERSONAL NAME
Personal name Pialat, Sylvie,
Relator term film producer.
9 (RLIN) 6002915
700 1# - ADDED ENTRY--PERSONAL NAME
Personal name Quainon, Benoît,
Dates associated with a name 1981-
Relator term film producer.
9 (RLIN) 6002916
700 1# - ADDED ENTRY--PERSONAL NAME
Personal name Burlet, Pauline,
Relator term actor.
9 (RLIN) 6002917
700 1# - ADDED ENTRY--PERSONAL NAME
Personal name Pailhas, Géraldine,
Dates associated with a name 1971-
Relator term actor.
9 (RLIN) 6002918
700 1# - ADDED ENTRY--PERSONAL NAME
Personal name Lenoir, Alban,
Dates associated with a name 1980-
Relator term actor.
9 (RLIN) 6002920
700 1# - ADDED ENTRY--PERSONAL NAME
Personal name Zabeth, Iliana,
Relator term actor.
9 (RLIN) 6002922
700 1# - ADDED ENTRY--PERSONAL NAME
Personal name Lebrun, Françoise,
Relator term actor.
9 (RLIN) 6002923
700 1# - ADDED ENTRY--PERSONAL NAME
Personal name Duplantier, Alain,
Dates associated with a name 1964-
Relator term director of photography.
9 (RLIN) 6002924
700 1# - ADDED ENTRY--PERSONAL NAME
Personal name Akimoto, Minori,
Dates associated with a name editor of moving image work.
9 (RLIN) 6002925
700 1# - ADDED ENTRY--PERSONAL NAME
Personal name Vercheval, Frédéric,
Relator term composer (expression)
9 (RLIN) 6002926
700 1# - ADDED ENTRY--PERSONAL NAME
Personal name Ailhaud, Violette,
Dates associated with a name 1835-1925.
Title of a work Homme semence.
9 (RLIN) 6002928
710 2# - ADDED ENTRY--CORPORATE NAME
Corporate name or jurisdiction name as entry element Film Movement (Firm),
Relator term publisher.
9 (RLIN) 69830
740 02 - ADDED ENTRY--UNCONTROLLED RELATED/ANALYTICAL TITLE
Uncontrolled related/analytical title Voisins.
830 #0 - SERIES ADDED ENTRY--UNIFORM TITLE
Uniform title Film Movement series.
9 (RLIN) 70219
856 4# - ELECTRONIC LOCATION AND ACCESS
Materials specified recordedbooks.com
Uniform Resource Identifier <a href="https://www.recordedbooks.com/title-details/9781980039723">https://www.recordedbooks.com/title-details/9781980039723</a>
856 4# - ELECTRONIC LOCATION AND ACCESS
Materials specified RBMedia
Uniform Resource Identifier <a href="http://d2cv0ie6dlin9h.cloudfront.net/DV0537/DV0537_image_148x230.jpg">http://d2cv0ie6dlin9h.cloudfront.net/DV0537/DV0537_image_148x230.jpg</a>
942 ## - ADDED ENTRY ELEMENTS (KOHA)
Koha item type DVD
Source of classification or shelving scheme Dewey Decimal Classification
948 ## - LOCAL PROCESSING INFORMATION (OCLC); SERIES PART DESIGNATOR (RLIN)
Series part designator, SPT (RLIN) 05/20/2019
z (OCLC) Sirsi
Holdings
Withdrawn status Lost status Source of classification or shelving scheme Damaged status Not for loan Collection code Home library Current library Shelving location Date acquired Source of acquisition Cost, normal purchase price Total Checkouts Total Renewals Full call number Barcode Date last seen Date checked out Cost, replacement price Price effective from Koha item type
    Dewey Decimal Classification     Movies Wasatch County Library Wasatch County Library Audio Visual Area 05/20/2019   52.00 9 6 DVD Sow 34301001632977 03/07/2024 01/26/2024 52.00 03/20/2020 DVD
This project was made possible through a grant from the Institute of Museum and Library Service administered by the Utah State Library Division.

Wasatch County Library

  • 465 East 1200 South, Heber City, Utah 84032
  • Phone 435-654-1511 | Fax 435-654-6456

Hours

  • Monday - Friday 9:30 AM - 8:00 PM
  • Saturday 9:30 AM - 1:30 PM
  • Closed Sundays and Holidays